000 01191nam a2200313 a 4500
001 ebr10540837
003 CaPaEBR
006 m u
007 cr cn|||||||||
008 110829s2011 ohua sb 001 0 eng d
010 _z 2011937653
020 _z0615038328
020 _z1615038329
020 _z9781615038329
020 _z9781615038473 (e-book)
040 _aCaPaEBR
_cCaPaEBR
035 _a(OCoLC)779967924
050 1 4 _aTA418.42
_b.H375 2011eb
245 0 0 _aHardness testing
_h[electronic resource] :
_bprinciples and applications /
_cedited by Konrad Herrmann.
260 _aMaterials Park, Ohio :
_bASM International,
_c2011.
300 _avi, 255 p. :
_bill.
504 _aIncludes bibliographical references and index.
533 _aElectronic reproduction.
_bPalo Alto, Calif. :
_cebrary,
_d2011.
_nAvailable via World Wide Web.
_nAccess may be limited to ebrary affiliated libraries.
650 0 _aHardness
_xTesting.
655 7 _aElectronic books.
_2local
700 1 _aHerrmann, Konrad.
710 2 _aebrary, Inc.
856 4 0 _uhttp://site.ebrary.com/lib/rucke/Doc?id=10540837
_zAn electronic book accessible through the World Wide Web; click to view
999 _c246112
_d246112